000
00325nam a22001457a 4500
003
SGT
082
_a
611
_b
D79A
100
_a
ATHAWLE, PANDIT.G
245
_a
DRISHTARTH SHARIRAM
260
_a
DELHI
_b
NATH PUSTAK
_c
1979
300
_a
262
650
_a
DRISHTARTH SHARIRAM
653
_a
DRISHTARTH SHARIRAM
942
_2
ddc
_c
BK
_0
1
999
_c
8268
_d
8268